LEADER 00788nam a2200205 i 4500 001 000000142165 003 CaOOAMICUS 005 20050130000000.0 008 050130s1974 it u000 u ita u 013 $a117360 040 $aSeMil$bita 245 10$aVolume 3. :$b(tomi 5. e 6. dell'edizione originale) 300 $a550 p. 500 $aContiene : [1] Appendice ; Bibilografia. - Fondo Ciprandi. 773 0 $aLanzi, Luigi <1732-1810>$tStoria pittorica della Italia.$dFirenze : Sansoni, stampa 1968-stampa 1974.$g3$w()14066 850 $aSeMil 852 $aSeMil$W1$xVenegono$y1$m5S VI 3$j95353$B95353$CSeMilBibl$Z2$F102120 $8I 941 1 $a1 961 $aOmaggio: Ciprandi dott. Paolo 996 $6245$aVolume 3. :$b(tomi 5. e 6. dell'edizione originale)$9(OLS)http://semarc/title/207833 LEADER 01232nam a2200253 i 4500 001 000000178422 003 CaOOAMICUS 005 20230925114406.0 008 090320s1971 it u000 u ita u 013 $a155994 040 $aSeMil$bita 100 1 $aBernorio, Virginio Luigi.$0(OLS)http://semarc/name/66314 245 13$aLa Chiesa di Pavia nel secolo 16. e l'azione pastorale del Cardinal Ippolito de' Rossi (1560-1591) /$cVirginio Luigi Bernorio ; presentazione di Mario Bendiscioli. 260 $aPavia :$b[s.n.],$c1971. 300 $a400 p., [1] c. geogr. ;$c24 cm. 490 0 $aQuaderni del Seminario di Pavia ;$v7.-8 650 4$aPavia - Chiese - Storia - Sec. 16.$0(OLS)http://semarc/subject/54454 700 1 $aBendiscioli, Mario,$d<1903-1998>.$0(OLS)http://semarc/name/9378 830 0$aQuaderni del Seminario di Pavia ;$v7.-8.$0(OLS)http://semarc/title/24064 850 $aSeMil 852 $aSeMil$W1$xVenegono$y1$m3A II 145$j129199$B129199$CSeMilBibl$Z2$F140382 $81 996 $6245$aLa Chiesa di Pavia nel secolo 16. e l'azione pastorale del Cardinal Ippolito de' Rossi (1560-1591)$9(OLS)http://semarc/title/256263 996 $6260$aPavia :$b[s.n.]$9(OLS)http://semarc/publisher/30921